000 00368nam a22001577a 4500
005 20230111101706.0
008 221220b |||||||| |||| 00| 0 eng d
041 _aeng
082 _a622.0 ANT-M
100 _aANTHONY , V.
_97241
245 _aMINING MACHINERY -I
260 _bPLANAT PUBLISHING HOUSE
_c2019
300 _a5.42;P
650 _aMINING
942 _cBK
999 _c8173
_d8171